000
00337 a2200157 4500
001
188714
020
_a
85-86629-06-5
040
_c
Magnum
100
_a
Sales, Marli
240
1
0
_a
Os segredos das águas
_l
por
245
1
0
_a
Os segredos das águas
300
_a
60
362
0
_a
2006
697
_a
EDUCAÇÃO AMBIENTAL
942
_c
BK
999
_c
188714
_d
188714